عرض عادي
عرض مارك
- Great Britain
مدخل إسم جغرافي
001 - رقم الضبط
- حقل الضبط: 8515
003 - معرف رقم الضبط
- حقل الضبط: OSt
005 - تاريخ ووقت أخر عملية
- حقل الضبط: 20111215083109.0
008 - عناصر بيانات ثابتة الطول
- حقل تحكم ثابت الطول: 111215|||a|||||| | ||| d
040 ## - مصدر الفهرسة
- هيئة الفهرسة الأصلية: OSt
- وكالة الكتابة: OSt
151 ## - مدخل-- مصطلح تاريخي
- اسم جغرافي: Great Britain
- تفريع عام: History
- تقسيم فرعي تاريخي: Victoria, 1837-1901
- تفريع عام: Biography
- تفريع عام: History and criticism.
670 ## - بيانات المصدر موجوده
- الاستشهاد بالمصدر: Work cat.: (OSt)0: Atkinson, Juliette. 8513, Victorian biography reconsidered :, 2010.
